| 000 | 00848nam a2200217 u 4500 | ||
|---|---|---|---|
| 005 | 20251009063914.0 | ||
| 008 | 160419s2011 r 000 0 eng d | ||
| 020 | _a9786077514411 | ||
| 035 | _aUPN01000209635 | ||
| 049 | _aCG | ||
| 050 | 4 |
_aKGF3015 _bG8.4 |
|
| 245 | 0 | 0 |
_aGuía para la acción pública : _blos sitios web accesibles : una herramienta para el acceso a la información y a la interacción en condiciones de igualdad. |
| 260 |
_aMéxico : _bIFAI : _bConsejo Nacional para Prevenir la Discriminación, _cc2011. |
||
| 300 |
_a62 p. : _bil. |
||
| 500 | _aDatos tomados de la portada | ||
| 650 | 4 |
_aLibertad de información _zMéxico _916597 |
|
| 650 | 4 |
_aINFORMACION GUBERNAMENTAL - _xCONTROL DE ACCESO _916585 |
|
| 650 | 4 |
_aDiscriminación _xPrevención _xPolítica gubernamental _zMéxico _924610 |
|
| 905 | _aLibro | ||
| 999 |
_c181736 _d181736 |
||